[Event "Montigny le Bretonneux op 25th"]
[Site "Montigny le Bretonneux"]
[Date "2023.05.21"]
[Round "8"]
[White "Foare, Etienne"]
[Black "Briquet, Tom"]
[Result "1-0"]
[WhiteElo "1318"]
[BlackElo "1548"]
[PlyCount "55"]
[EventDate "2023.05.18"]
[EventType "swiss"]
[EventRounds "9"]
[EventCountry "FRA"]
[SourceTitle "CBM 214 Extra"]
[Source "ChessBase"]
[SourceDate "2023.07.31"]
[SourceVersion "1"]
[SourceVersionDate "2023.07.31"]
[SourceQuality "1"]

1. e4 e5 2. Nf3 Nc6 3. d4 exd4 4. Bc4 Nf6 5. 0-0 Bc5 6. e5 d5 7. exf6 dxc4 8. fxg7 Rg8 9. Bg5 Qd6 10. Re1+ Be6 11. Bf6 Ne7 12. Ng5 0-0-0 13. Nxf7 Bxf7 14. Bxe7 Qc6 15. Bxd8 Rxg7 16. g3 Kxd8 17. Nd2 Bd5 18. Qh5 d3 19. Re8+ Kd7 20. Re5 Bxf2+ 21. Kxf2 Rf7+ 22. Ke1 Be6 23. Ne4 d2+ 24. Kxd2 Qb6 25. Nc5+ Kc8 26. Rxe6 Rd7+ 27. Nxd7 Qf2+ 28. Kc3 1-0

[Event "Montigny le Bretonneux op 25th"]
[Site "Montigny le Bretonneux"]
[Date "2023.05.20"]
[Round "5"]
[White "Briquet, Tom"]
[Black "Lim, Chin"]
[Result "0-1"]
[WhiteElo "1548"]
[BlackElo "1903"]
[PlyCount "44"]
[EventDate "2023.05.18"]
[EventType "swiss"]
[EventRounds "9"]
[EventCountry "FRA"]
[SourceTitle "CBM 214 Extra"]
[Source "ChessBase"]
[SourceDate "2023.07.31"]
[SourceVersion "1"]
[SourceVersionDate "2023.07.31"]
[SourceQuality "1"]

1. e4 e6 2. d4 d5 3. Nc3 Nf6 4. e5 Nfd7 5. f4 c5 6. Nf3 Nc6 7. Be3 Be7 8. Be2 0-0 9. 0-0 cxd4 10. Nxd4 Nxd4 11. Bxd4 f6 12. Bg4 f5 13. Bh3 Nc5 14. g4 g6 15. gxf5 gxf5 16. Kh1 Bd7 17. Rg1+ Kh8 18. Nxd5 Bc6 19. c4 Ne4 20. Qh5 Bxd5 21. cxd5 Qxd5 22. Bg2 Qxd4 0-1

[Event "Montigny le Bretonneux op 25th"]
[Site "Montigny le Bretonneux"]
[Date "2023.05.18"]
[Round "3"]
[White "Briquet, Tom"]
[Black "Hoarau, Jules"]
[Result "1-0"]
[WhiteElo "1548"]
[BlackElo "1416"]
[PlyCount "72"]
[EventDate "2023.05.18"]
[EventType "swiss"]
[EventRounds "9"]
[EventCountry "FRA"]
[SourceTitle "CBM 214 Extra"]
[Source "ChessBase"]
[SourceDate "2023.07.31"]
[SourceVersion "1"]
[SourceVersionDate "2023.07.31"]
[SourceQuality "1"]

1. e4 d5 2. exd5 Nf6 3. d4 Nxd5 4. Nf3 Bf5 5. Bd3 Bxd3 6. Qxd3 e6 7. 0-0 Nd7 8. a3 c5 9. c4 N5f6 10. d5 Nb6 11. Re1 Be7 12. Ne5 exd5 13. cxd5 Nbxd5 14. Qb5+ Kf8 15. Qc4 Bd6 16. Nc3 Bxe5 17. Rxe5 Nxc3 18. Qxc5+ Kg8 19. Qxc3 Rc8 20. Qe1 h6 21. Bf4 Kh7 22. Rd1 Qb6 23. Re7 Rhe8 24. Qe5 Rxe7 25. Qxe7 Qxb2 26. Qxf7 Qxa3 27. Qxb7 Qa4 28. Qb1+ Kh8 29. Be5 Qc6 30. Qg6 Qc1 31. Rf1 Qg5 32. Qxg5 hxg5 33. f4 gxf4 34. Rxf4 Rc6 35. g4 Re6 36. Bb2 a5 1-0

[Event "Montigny le Bretonneux op 20th"]
[Site "Montigny le Bretonneux"]
[Date "2022.10.27"]
[Round "6"]
[White "Schwartz, Timothee"]
[Black "Briquet, Tom"]
[Result "1/2-1/2"]
[WhiteElo "1334"]
[BlackElo "1329"]
[PlyCount "117"]
[EventDate "2022.10.22"]
[EventType "swiss"]
[EventRounds "9"]
[EventCountry "FRA"]
[SourceTitle "EXT 2024"]
[Source "ChessBase"]
[SourceDate "2023.10.10"]
[SourceVersion "1"]
[SourceVersionDate "2023.10.10"]
[SourceQuality "1"]

1. e4 e5 2. Nf3 Nc6 3. Bc4 Bc5 4. b4 Bxb4 5. c3 Be7 6. d4 exd4 7. Qb3 Na5 8. Bxf7+ Kf8 9. Qa4 Kxf7 10. Qxa5 d6 11. cxd4 Nf6 12. 0-0 Rf8 13. Nc3 Kg8 14. e5 b6 15. Qb5 Nd7 16. Qd5+ Kh8 17. Qxa8 dxe5 18. Qe4 exd4 19. Nxd4 Nc5 20. Qe3 Bf6 21. Rd1 Re8 22. Qd2 Bxd4 23. Bb2 h6 24. Ne2 Bf6 25. Qxd8 Bxd8 26. Ng3 Bg5 27. Re1 Rd8 28. Ne4 Nxe4 29. Rxe4 Bb7 30. Re2 Ba6 31. Ree1 Rd2 32. Bc1 Rc2 33. Bxg5 hxg5 34. Rec1 Rxc1+ 35. Rxc1 c5 36. f3 Bd3 37. Kf2 Kg8 38. Ke3 c4 39. Kd4 a5 40. Re1 Kf7 41. Re5 Bf1 42. g3 g6 43. Rb5 Bg2 44. Rxb6 Bxf3 45. Kxc4 a4 46. Kb4 Bd1 47. Rd6 Bc2 48. Rd2 Bb1 49. Kxa4 Ke6 50. Kb5 Kf5 51. a4 Be4 52. a5 Kg4 53. a6 Kh3 54. a7 g4 55. Kb6 g5 56. Kc7 Bf3 57. Kb8 Be4 58. a8Q Bxa8 59. Kxa8 1/2-1/2

[Event "Montigny le Bretonneux op 20th"]
[Site "Montigny le Bretonneux"]
[Date "2022.10.22"]
[Round "1"]
[White "Briquet, Tom"]
[Black "Orfila, Kristofer"]
[Result "0-1"]
[WhiteElo "1329"]
[BlackElo "1740"]
[PlyCount "134"]
[EventDate "2022.10.22"]
[EventType "swiss"]
[EventRounds "9"]
[EventCountry "FRA"]
[SourceTitle "EXT 2024"]
[Source "ChessBase"]
[SourceDate "2023.10.10"]
[SourceVersion "1"]
[SourceVersionDate "2023.10.10"]
[SourceQuality "1"]

1. e4 c5 2. Nf3 e6 3. d4 cxd4 4. Nxd4 Nc6 5. Nc3 Qc7 6. Ndb5 Qb8 7. Be3 a6 8. Nd4 Nf6 9. Bd3 Be7 10. f3 Qc7 11. Qd2 b5 12. 0-0 0-0 13. Kh1 Bb7 14. Bf4 Ne5 15. Rad1 d6 16. Nb3 Ng6 17. Bg3 Nh5 18. Bf2 Nhf4 19. Ne2 Nxe2 20. Bxe2 Rac8 21. c3 d5 22. Bg3 Bd6 23. Bxd6 Qxd6 24. exd5 Bxd5 25. Bd3 Qb6 26. Nd4 Rfd8 27. Bxg6 hxg6 28. Qf2 Bc4 29. Ne2 Qxf2 30. Rxd8+ Rxd8 31. Rxf2 Bxe2 32. g3 Rd1+ 33. Kg2 Bc4 34. b3 Bd5 35. Rc2 Rd3 36. c4 bxc4 37. bxc4 Bxf3+ 38. Kf2 Bc6 39. Ke2 Ra3 40. Kd2 Be4 41. Rb2 Rd3+ 42. Ke2 Rc3 43. Rb6 a5 44. Rd6 Ra3 45. c5 Rxa2+ 46. Ke3 Bd5 47. Kd3 Rxh2 48. c6 Bxc6 49. Rxc6 Rh3 50. Ra6 Rxg3+ 51. Ke4 Rg5 52. Kf4 Rb5 53. Kg4 Kf8 54. Kf4 Ke7 55. Ra7+ Kf6 56. Ke4 Rf5 57. Rb7 g5 58. Rb3 Rf4+ 59. Ke3 a4 60. Ra3 Rb4 61. Ra2 Ke5 62. Rf2 a3 63. Rxf7 Ra4 64. Rf1 a2 65. Ra1 g4 66. Kf2 Kd4 67. Ke2 Kc3 0-1